[Event "12.Città di Padova Open A"]
[Site "Padova"]
[Date "2009.12.14"]
[Round "2.11"]
[White "Fracasso Pezzolato, Michele"]
[Black "Casciello, Dimitri"]
[Result "0-1"]
[WhiteElo "1832"]
[BlackElo "2028"]
[Annotator "Gabriele Ballarin"]
[PlyCount "64"]
[EventDate "2009.12.13"]
[EventType "swiss"]
[EventRounds "9"]
[EventCountry "ITA"]

1. e4 c5 2. Nc3 Nc6 3. f4 g6 4. g3 Bg7 5. Bg2 d6 6. d3 e6 7. Nf3 Nge7 8. O-O O-O 9. Ne2 Nd4 10. c3 Nxf3+ 11. Bxf3 b6 12. Be3 Bb7 13. d4 Qc7 14. g4 f5 15. Ng3 Rad8 16. Qe2 Rfe8 17. Rad1 d5 18. gxf5 dxe4 19. Bxe4 cxd4 20. Bxb7 dxe3 21. Ba6 Nxf5 22. Nxf5 exf5 23. Rxd8 Qxd8 24. Rd1 Qc7 25. Bb5 Re7 26. Qf3 Bf6 27. Qa8+ Kg7 28. Rd8 e2 29. Rg8+ Kh6 30. Bxe2 Rxe2 31. Qf3 Qc5+ 32. Kh1 Re1+ 0-1

[Event "12.Città di Padova Open A"]
[Site "Padova"]
[Date "2009.12.14"]
[Round "2.12"]
[White "Boscolo, Federico Meneguolo"]
[Black "Zordan, Antonio"]
[Result "1-0"]
[WhiteElo "1990"]
[BlackElo "1789"]
[Annotator "Gabriele Ballarin"]
[PlyCount "101"]
[EventDate "2009.12.13"]
[EventType "swiss"]
[EventRounds "9"]
[EventCountry "ITA"]

1. e4 c5 2. c3 Nc6 3. Nf3 e6 4. d4 d5 5. exd5 Qxd5 6. Na3 Nf6 7. Be3 cxd4 8. Nb5 Qd8 9. Nbxd4 Bd7 10. Bc4 Rc8 11. Qe2 a6 12. O-O Be7 13. Bg5 O-O 14. Bh4 Qc7 15. Bb3 Nxd4 16. Nxd4 e5 17. Bg3 Bd6 18. Nf3 Bb5 19. Qe3 Bxf1 20. Rxf1 e4 21. Nd4 Bxg3 22. fxg3 Qe7 23. Qg5 h6 24. Qf4 Qc7 25. Qh4 Qb6 26. Kh1 Rc5 27. Nf5 Rxf5 28. Rxf5 Qe3 29. h3 Qc1+ 30. Kh2 e3 31. Qf4 Re8 32. Rxf6 gxf6 33. Qxf6 Rf8 34. Qg6+ Kh8 35. Qxh6+ Kg8 36. h4 Qd2 37. Qg5+ Kh8 38. Qf6+ Kg8 39. Qg5+ Kh8 40. Bd5 Qd3 41. Qe5+ f6 42. Qe7 Qxd5 43. Qxf8+ Kh7 44. Qe7+ Kg8 45. Qe8+ Kg7 46. Qxe3 Kf7 47. Qf3 Qb5 48. b3 Qd7 49. c4 b6 50. Qd5+ Qxd5 51. cxd5 1-0

[Event "12.Città di Padova Open A"]
[Site "Padova"]
[Date "2009.12.14"]
[Round "2.13"]
[White "Zanini, Andrea"]
[Black "Isatto, Davide"]
[Result "0-1"]
[WhiteElo "1669"]
[BlackElo "1947"]
[Annotator "Gabriele Ballarin"]
[PlyCount "65"]
[EventDate "2009.12.13"]
[EventType "swiss"]
[EventRounds "9"]
[EventCountry "ITA"]

1. d4 c5 2. d5 e5 3. e4 d6 4. c4 Nf6 5. Nc3 Be7 6. Bd3 O-O 7. Nge2 Ne8 8. O-O g6 9. f4 exf4 10. Bxf4 Bf6 11. Qd2 Nd7 12. Bh6 Ng7 13. Rab1 Ne5 14. b3 Ng4 15. Bf4 Nh5 16. h3 Nxf4 17. Qxf4 Bg5 18. Qf3 Ne5 19. Qg3 Bh4 20. Qe3 Bg5 21. Qg3 Nxd3 22. Qxd3 Qe7 23. Ng3 Qe5 24. Nce2 Bd7 25. Qc3 Rae8 26. a4 a6 27. Qd3 h5 28. Rbd1 h4 29. Nh1 f5 30. Nf2 fxe4 31. Qc3 Qxc3 32. Nxc3 Be3 33. Nb1 0-1

[Event "12.Città di Padova Open A"]
[Site "Padova"]
[Date "2009.12.14"]
[Round "2.14"]
[White "Di Lazzaro, Gabriele"]
[Black "De Marchi, Alessandro"]
[Result "1-0"]
[WhiteElo "1930"]
[BlackElo "1654"]
[Annotator "Gabriele Ballarin"]
[PlyCount "49"]
[EventDate "2009.12.13"]
[EventType "swiss"]
[EventRounds "9"]
[EventCountry "ITA"]

1. e4 c5 2. Nf3 d6 3. c3 Nf6 4. h3 Nc6 5. Bd3 Ne5 6. Nxe5 dxe5 7. Bc2 b5 8. d3 Bb7 9. O-O h6 10. Be3 e6 11. Nd2 Qc7 12. Qf3 Be7 13. Qg3 g5 14. f3 O-O-O 15. a4 a6 16. axb5 axb5 17. Nb3 Nh5 18. Qf2 c4 19. dxc4 bxc4 20. Na5 Rd7 21. Nxb7 Qxb7 22. Ra7 Qb8 23. Rfa1 Rxa7 24. Rxa7 Re8 25. Ba4 1-0

[Event "12.Città di Padova Open A"]
[Site "Padova"]
[Date "2009.12.14"]
[Round "2.15"]
[White "Franco, Alessandro P"]
[Black "Battagin_214, Mosè"]
[Result "1-0"]
[WhiteElo "1638"]
[BlackElo "1916"]
[Annotator "Gabriele Ballarin"]
[PlyCount "59"]
[EventDate "2009.12.13"]
[EventType "swiss"]
[EventRounds "9"]
[EventCountry "ITA"]

1. e4 d6 2. f4 Nf6 3. Nc3 g6 4. Nf3 Bg7 5. d4 O-O 6. Be3 b6 7. e5 Ne8 8. Bc4 e6 9. g4 c5 10. dxc5 bxc5 11. h4 Qb6 12. Bb3 Bd7 13. h5 a5 14. a4 d5 15. Bxd5 exd5 16. Nxd5 Qd8 17. Bxc5 Nc6 18. hxg6 Be6 19. Bxf8 Bxf8 20. gxf7+ Bxf7 21. Qd3 h6 22. Ng5 Bg7 23. Nxf7 Kxf7 24. Qf5+ Kg8 25. O-O-O Qc8 26. Qg6 Ra6 27. Nf6+ Kf8 28. Rd7 Nxe5 29. fxe5 Bxf6 30. Qf7# 1-0

[Event "12.Città di Padova Open A"]
[Site "Padova"]
[Date "2009.12.14"]
[Round "2.16"]
[White "Bondielli, Giorgio"]
[Black "Lodi, Paolo"]
[Result "1-0"]
[WhiteElo "1907"]
[BlackElo "1627"]
[Annotator "Gabriele Ballarin"]
[PlyCount "79"]
[EventDate "2009.12.13"]
[EventType "swiss"]
[EventRounds "9"]
[EventCountry "ITA"]

1. e4 e6 2. d4 d5 3. e5 c5 4. c3 Nc6 5. Nf3 Qb6 6. a3 Nge7 7. dxc5 Qc7 8. Bb5 Ng6 9. b4 a6 10. Bxc6+ bxc6 11. Qd4 Be7 12. O-O f6 13. Re1 fxe5 14. Nxe5 Bf6 15. f4 O-O 16. Nd2 Bxe5 17. fxe5 Rf7 18. Nf3 Bd7 19. Bd2 Raf8 20. Re2 Bc8 21. a4 Bd7 22. h3 Nf4 23. Bxf4 Rxf4 24. Qd3 a5 25. Rb1 Bc8 26. Qd2 Bd7 27. Qd3 Be8 28. Qa6 axb4 29. cxb4 Bh5 30. Rb3 h6 31. Qb6 Qf7 32. Rf2 Qg6 33. Qxc6 Bxf3 34. Kh2 Be4 35. Rg3 Qf5 36. Rxf4 Qxf4 37. Qxe6+ Kh7 38. Qg4 Qxg4 39. Rxg4 Re8 40. c6 1-0

[Event "12.Città di Padova Open A"]
[Site "Padova"]
[Date "2009.12.14"]
[Round "2.17"]
[White "Sitta, Marco"]
[Black "Litrico, Paolo"]
[Result "1/2-1/2"]
[WhiteElo "1572"]
[BlackElo "1906"]
[Annotator "Gabriele Ballarin"]
[PlyCount "55"]
[EventDate "2009.12.13"]
[EventType "swiss"]
[EventRounds "9"]
[EventCountry "ITA"]

1. d4 f5 2. Nf3 Nf6 3. Bg5 Ne4 4. e3 Nxg5 5. Nxg5 g6 6. Bd3 e5 7. Nh3 e4 8. Bc4 d5 9. Bb3 Be6 10. Nd2 Bd6 11. c4 c6 12. c5 Bc7 13. O-O Nd7 14. f4 h6 15. Qe1 Qf6 16. Bd1 Ke7 17. b4 g5 18. Be2 Rag8 19. b5 Qg7 20. Qg3 Qf6 21. fxg5 Bxg3 22. gxf6+ Nxf6 23. hxg3 Rxg3 24. Kf2 Rhg8 25. Rg1 Bd7 26. Rab1 h5 27. bxc6 Bxc6 28. Bb5 1/2-1/2

[Event "12.Città di Padova Open A"]
[Site "Padova"]
[Date "2009.12.14"]
[Round "2.18"]
[White "Antoniacci, Riccardo"]
[Black "Meggiorin, Orlando"]
[Result "1/2-1/2"]
[WhiteElo "1895"]
[BlackElo "1490"]
[Annotator "Gabriele Ballarin"]
[PlyCount "81"]
[EventDate "2009.12.13"]
[EventType "swiss"]
[EventRounds "9"]
[EventCountry "ITA"]

1. e4 e6 2. d3 Nc6 3. g3 Nf6 4. Bg2 d5 5. Nd2 dxe4 6. dxe4 Bc5 7. Ngf3 Nd4 8. O-O Nxf3+ 9. Qxf3 c6 10. Nb3 Be7 11. Bg5 Qc7 12. Rfe1 e5 13. Qc3 h6 14. Be3 O-O 15. Rad1 Be6 16. h3 b6 17. f4 Nh5 18. fxe5 Nxg3 19. Bxh6 gxh6 20. Qxg3+ Kh7 21. Kh1 Rg8 22. Qh2 Rg5 23. Nd4 Rag8 24. Bf3 Qc8 25. Nf5 Bxf5 26. exf5 Rg3 27. Bg4 Bh4 28. Rd6 c5 29. Red1 Qa8+ 30. R1d5 h5 31. Qd2 Bg5 32. Qf2 Bh4 33. Qf4 Rg7 34. Rd8 Qc6 35. f6 hxg4 36. Qe4+ Rg6 37. Qf5 Rxh3+ 38. Kg2 Bg5 39. R8d7 Kh6 40. Rd8 Kh7 41. R8d7 1/2-1/2

[Event "12.Città di Padova Open A"]
[Site "Padova"]
[Date "2009.12.14"]
[Round "3.1"]
[White "Dvirnyy, Danyyil"]
[Black "Salvador, Roland"]
[Result "1/2-1/2"]
[WhiteElo "2461"]
[BlackElo "2491"]
[Annotator "Gabriele Ballarin"]
[PlyCount "86"]
[EventDate "2009.12.13"]
[EventType "swiss"]
[EventRounds "9"]
[EventCountry "ITA"]

1. e4 c5 2. Nc3 Nc6 3. Bb5 Nf6 4. Bxc6 dxc6 5. d3 g6 6. h3 Bg7 7. Be3 Nd7 8. Qd2 h6 9. O-O-O e5 10. Nge2 Qe7 11. h4 Nf6 12. f3 Be6 13. g4 h5 14. gxh5 Nxh5 15. Kb1 O-O-O 16. Bg5 f6 17. Be3 b6 18. Qe1 Rd7 19. Qf2 Rhd8 20. Rdg1 Bf7 21. Ng3 Bf8 22. Nxh5 gxh5 23. Rd1 c4 24. d4 b5 25. dxe5 Qxe5 26. Rxd7 Rxd7 27. Ne2 c5 28. Bf4 Qe6 29. Nc3 Qc6 30. Rd1 b4 31. Nd5 Bxd5 32. exd5 Rxd5 33. Rxd5 Qxd5 34. Qe2 Kd7 35. b3 c3 36. Qb5+ Ke7 37. a3 Qd1+ 38. Bc1 bxa3 39. Qxc5+ Ke6 40. Qc4+ Kd7 41. Qa4+ Ke6 42. Qc4+ Kd7 43. Qa4+ Ke6 1/2-1/2

[Event "12.Città di Padova Open A"]
[Site "Padova"]
[Date "2009.12.14"]
[Round "3.2"]
[White "Sanchez, Joseph"]
[Black "Zaja, Ivan"]
[Result "1/2-1/2"]
[WhiteElo "2487"]
[BlackElo "2463"]
[Annotator "Gabriele Ballarin"]
[PlyCount "89"]
[EventDate "2009.12.13"]
[EventType "swiss"]
[EventRounds "9"]
[EventCountry "ITA"]

1. e4 e6 2. d4 d5 3. Nc3 Bb4 4. e5 c5 5. a3 Ba5 6. b4 cxd4 7. Qg4 Ne7 8. Nb5 Bc7 9. Qxg7 Rg8 10. Qxh7 a6 11. Nxc7+ Qxc7 12. Ne2 Qxe5 13. f4 Qf6 14. Bb2 Nbc6 15. Qd3 Nf5 16. O-O-O Qh6 17. Kb1 Bd7 18. Re1 O-O-O 19. Nxd4 Ng3 20. hxg3 Qxh1 21. b5 axb5 22. Nxb5 Be8 23. Bf6 Qg1 24. Qc3 Qf2 25. Bxd8 Kxd8 26. Qe3 Qxe3 27. Rxe3 Kd7 28. c4 d4 29. Nxd4 Nxd4 30. Rd3 Ke7 31. Rxd4 Bc6 32. Kb2 Rxg3 33. Rd2 Rg4 34. Rf2 Kd6 35. Be2 Rxg2 36. Rxg2 Bxg2 37. Bh5 f5 38. Kc3 e5 39. fxe5+ Kxe5 40. a4 f4 41. a5 f3 42. a6 f2 43. axb7 Bxb7 44. Be2 Kf4 45. Kd4 1/2-1/2

[Event "12.Città di Padova Open A"]
[Site "Padova"]
[Date "2009.12.14"]
[Round "3.4"]
[White "Quinn, Mark"]
[Black "Lazic, Miroljub"]
[Result "1/2-1/2"]
[WhiteElo "2393"]
[BlackElo "2454"]
[Annotator "Gabriele Ballarin"]
[PlyCount "71"]
[EventDate "2009.12.13"]
[EventType "swiss"]
[EventRounds "9"]
[EventCountry "ITA"]

1. Nf3 d5 2. c4 e6 3. g3 Nf6 4. Bg2 Be7 5. O-O O-O 6. d4 c6 7. Qc2 Nbd7 8. Rd1 b6 9. Nc3 Bb7 10. b3 Rc8 11. e4 Ba8 12. e5 Ne8 13. h4 h6 14. cxd5 cxd5 15. Qd3 Nc7 16. Nb5 Nxb5 17. Qxb5 Nb8 18. Bd2 Bb7 19. Bf1 Ba6 20. Qa4 Qe8 21. Qxe8 Rfxe8 22. a3 Bxf1 23. Kxf1 Nc6 24. Ke2 Na5 25. Rdb1 Rc7 26. Kd3 Rec8 27. Rb2 h5 28. Ng1 f6 29. Ne2 Kf7 30. f4 Kg6 31. Nc3 Kf5 32. Nb5 Rd7 33. Nc3 Kg6 34. Ne2 f5 35. Nc3 Kf7 36. Nb5 1/2-1/2

[Event "12.Città di Padova Open A"]
[Site "Padova"]
[Date "2009.12.14"]
[Round "3.5"]
[White "Efimov, Igor"]
[Black "Fercec, Nenad"]
[Result "0-1"]
[WhiteElo "2435"]
[BlackElo "2483"]
[Annotator "Gabriele Ballarin"]
[PlyCount "70"]
[EventDate "2009.12.13"]
[EventType "swiss"]
[EventRounds "9"]
[EventCountry "ITA"]

1. d4 Nf6 2. Nf3 g6 3. c4 Bg7 4. Nc3 d5 5. e3 O-O 6. Bd2 c5 7. dxc5 Na6 8. cxd5 Nxc5 9. Bc4 Bf5 10. Qe2 a6 11. Nd4 Bd7 12. a3 b5 13. Ba2 Bc8 14. Rd1 Bb7 15. Bc1 Nxd5 16. Bxd5 Bxd5 17. Ndxb5 Bxg2 18. Rg1 Qb6 19. Rxg2 axb5 20. Rg5 Rac8 21. Kf1 Bxc3 22. bxc3 Ne4 23. Qg4 Nxg5 24. Qxg5 Rfd8 25. Re1 f6 26. Qg4 Rxc3 27. Bb2 Rc2 28. Bd4 Qc6 29. Kg1 e5 30. Ba1 Rc1 31. Rxc1 Qxc1+ 32. Kg2 Qc6+ 33. Kg3 Kg7 34. Qb4 Rd7 35. f4 Qc1 0-1

[Event "12.Città di Padova Open A"]
[Site "Padova"]
[Date "2009.12.14"]
[Round "3.7"]
[White "Dervishi, Erald"]
[Black "Boscolo, Federico Meneguolo"]
[Result "0-1"]
[WhiteElo "2564"]
[BlackElo "1990"]
[Annotator "Gabriele Ballarin"]
[PlyCount "52"]
[EventDate "2009.12.13"]
[EventType "swiss"]
[EventRounds "9"]
[EventCountry "ITA"]

1. e4 c5 2. Nf3 d6 3. d4 cxd4 4. Nxd4 Nf6 5. Nc3 g6 6. Bc4 Bg7 7. Be3 O-O 8. f3 Nc6 9. Qd2 Bd7 10. O-O-O Rb8 11. Bb3 Na5 12. Bh6 Bxh6 13. Qxh6 b5 14. h4 e5 15. Nde2 b4 16. Nd5 Nxb3+ 17. axb3 Nxd5 18. Rxd5 Be6 19. Rd3 Rb6 20. f4 Bg4 21. h5 Qc7 22. f5 d5 23. Rg3 gxf5 24. Qg5+ Kh8 25. exf5 Rg8 26. Qe3 Rc8 0-1

[Event "12.Città di Padova Open A"]
[Site "Padova"]
[Date "2009.12.14"]
[Round "3.9"]
[White "Borgo, Giulio"]
[Black "Di Lazzaro, Gabriele"]
[Result "1-0"]
[WhiteElo "2439"]
[BlackElo "1930"]
[Annotator "Gabriele Ballarin"]
[PlyCount "87"]
[EventDate "2009.12.13"]
[EventType "swiss"]
[EventRounds "9"]
[EventCountry "ITA"]

1. Nf3 d5 2. d4 c6 3. c4 e6 4. Qc2 Nf6 5. g3 Nbd7 6. Bg2 Bd6 7. O-O O-O 8. Rd1 Qe7 9. Nc3 dxc4 10. Bg5 h6 11. Bxf6 Nxf6 12. Ne5 Bxe5 13. dxe5 Ng4 14. Qe4 f5 15. exf6 Nxf6 16. Qxc4 Bd7 17. Rd2 Kh8 18. Rad1 Rad8 19. Qd4 Qf7 20. Qxa7 Ng4 21. f3 Nf6 22. Qxb7 Qe7 23. Qa7 Ra8 24. Qe3 e5 25. b3 Bf5 26. h3 Rae8 27. Kh2 Bc8 28. Ne4 Nd5 29. Qc5 Qxc5 30. Nxc5 Ne3 31. Rc1 Bf5 32. g4 Bc8 33. Ne4 Re6 34. Rc5 Nd5 35. Kg3 Ba6 36. Ra5 Bb7 37. Nc5 Re7 38. Ra7 Rff7 39. Ne4 Rd7 40. Nc5 Rde7 41. e4 Nf4 42. Bf1 h5 43. Bc4 h4+ 44. Kh2 1-0

[Event "12.Città di Padova Open A"]
[Site "Padova"]
[Date "2009.12.14"]
[Round "3.10"]
[White "Grover, Sahaj"]
[Black "Belloni, Umberto"]
[Result "1-0"]
[WhiteElo "2372"]
[BlackElo "1858"]
[Annotator "Gabriele Ballarin"]
[PlyCount "39"]
[EventDate "2009.12.13"]
[EventType "swiss"]
[EventRounds "9"]
[EventCountry "ITA"]

1. e4 e6 2. d4 d5 3. Nc3 dxe4 4. Nxe4 Nf6 5. Nxf6+ gxf6 6. Be3 Bd7 7. Qd2 Bc6 8. O-O-O Be4 9. f3 Bg6 10. h4 h5 11. Nh3 Bd6 12. Nf4 Bf5 13. Nxh5 Rxh5 14. g4 Bxc2 15. gxh5 Bxd1 16. Qxd1 Nd7 17. h6 Qe7 18. h7 O-O-O 19. Rg1 Rh8 20. Rg8+ 1-0

[Event "12.Città di Padova Open A"]
[Site "Padova"]
[Date "2009.12.14"]
[Round "3.11"]
[White "Casciello, Dimitri"]
[Black "Bentivegna, Francesco"]
[Result "0-1"]
[WhiteElo "2028"]
[BlackElo "2303"]
[Annotator "Gabriele Ballarin"]
[PlyCount "31"]
[EventDate "2009.12.13"]
[EventType "swiss"]
[EventRounds "9"]
[EventCountry "ITA"]

1. e4 e5 2. Nf3 Nc6 3. Nc3 Bc5 4. g3 d6 5. Bg2 Nge7 6. O-O a6 7. d3 O-O 8. Nh4 Kh8 9. Be3 Be6 10. Qd2 f6 11. f4 Bxe3+ 12. Qxe3 Nd4 13. Rf2 c5 14. Nd5 exf4 15. gxf4 Nxd5 16. exd5 0-1

[Event "12.Città di Padova Open A"]
[Site "Padova"]
[Date "2009.12.14"]
[Round "3.12"]
[White "Rettore, Ludwig"]
[Black "Franco, Alessandro P"]
[Result "1-0"]
[WhiteElo "2197"]
[BlackElo "1638"]
[Annotator "Gabriele Ballarin"]
[PlyCount "79"]
[EventDate "2009.12.13"]
[EventType "swiss"]
[EventRounds "9"]
[EventCountry "ITA"]

1. d4 Nf6 2. Nf3 e6 3. c4 c5 4. Nc3 cxd4 5. Nxd4 a6 6. e4 d6 7. Be2 Be7 8. O-O O-O 9. Be3 Qc7 10. Rc1 Nc6 11. f3 Bd7 12. Qe1 Rfc8 13. Qf2 Ne5 14. b3 Qa5 15. h3 b5 16. f4 Ng6 17. Bf3 bxc4 18. e5 Nd5 19. Bxd5 exd5 20. b4 Qd8 21. exd6 Bxd6 22. Nxd5 Rab8 23. a3 a5 24. Ne2 axb4 25. axb4 Qh4 26. Qxh4 Nxh4 27. Nb6 Rc7 28. Rfd1 Nf5 29. Bf2 Rxb6 30. Bxb6 Rb7 31. Bc5 Bxc5+ 32. bxc5 Kf8 33. Nd4 Rb2 34. Nxf5 Bxf5 35. c6 Be4 36. c7 Bb7 37. c8=Q+ Bxc8 38. Rd8+ Ke7 39. Rxc8 Kd7 40. R8xc4 1-0

[Event "12.Città di Padova Open A"]
[Site "Padova"]
[Date "2009.12.14"]
[Round "3.13"]
[White "Isatto, Davide"]
[Black "Magrini, Fabrizio"]
[Result "1/2-1/2"]
[WhiteElo "1947"]
[BlackElo "2146"]
[Annotator "Gabriele Ballarin"]
[PlyCount "42"]
[EventDate "2009.12.13"]
[EventType "swiss"]
[EventRounds "9"]
[EventCountry "ITA"]

1. d4 Nf6 2. c4 g6 3. Nc3 d5 4. cxd5 Nxd5 5. e4 Nxc3 6. bxc3 Bg7 7. Be3 O-O 8. Qd2 c5 9. Nf3 Qa5 10. Rb1 a6 11. Rb3 b5 12. Bh6 Bb7 13. h4 Bxe4 14. h5 Nd7 15. hxg6 Bxg6 16. Bxg7 Kxg7 17. Bd3 c4 18. Qh6+ Kf6 19. Qf4+ Kg7 20. Qh6+ Kf6 21. Qf4+ Kg7 1/2-1/2

[Event "12.Città di Padova Open A"]
[Site "Padova"]
[Date "2009.12.14"]
[Round "3.14"]
[White "Litrico, Paolo"]
[Black "Antoniacci, Riccardo"]
[Result "0-1"]
[WhiteElo "1906"]
[BlackElo "1895"]
[Annotator "Gabriele Ballarin"]
[PlyCount "124"]
[EventDate "2009.12.13"]
[EventType "swiss"]
[EventRounds "9"]
[EventCountry "ITA"]

1. d4 Nf6 2. Nf3 d5 3. Bf4 e6 4. e3 Bd6 5. Ne5 Nbd7 6. Nd2 Qe7 7. Bd3 c5 8. c3 g5 9. Bxg5 Bxe5 10. dxe5 Nxe5 11. Bb5+ Kf8 12. Bh6+ Kg8 13. g4 Nfxg4 14. Rg1 Qh4 15. Qe2 Qxh6 16. O-O-O Kf8 17. f4 a6 18. Ba4 Nf2 19. fxe5 Nxd1 20. Bxd1 Rg8 21. Rf1 Bd7 22. Qf2 Rg7 23. c4 b5 24. cxd5 exd5 25. h4 Re8 26. Nf3 d4 27. Ng5 Be6 28. Kb1 Bc4 29. Bb3 Qg6+ 30. Bc2 d3 31. Bd1 d2+ 32. Bc2 Bxa2+ 33. Kxa2 Qxc2 34. Qf3 Qc4+ 35. Kb1 Kg8 36. e6 fxe6 37. Ne4 Rd8 38. Rd1 Rf8 39. Qh1 Rgf7 40. Nxd2 Qd3+ 41. Ka1 c4 42. Nf3 Qe4 43. Rg1+ Kh8 44. Ng5 Qxh1 45. Nxf7+ Rxf7 46. Rxh1 Rf3 47. h5 Kg7 48. e4 Rf4 49. Rd1 Rxe4 50. Rd6 Re5 51. Rxa6 Kf6 52. h6 Kg6 53. Kb1 Kxh6 54. Kc2 Kg5 55. Ra7 h5 56. Rg7+ Kf4 57. b3 h4 58. bxc4 bxc4 59. Kc3 Rh5 60. Kxc4 h3 61. Rf7+ Ke3 62. Rf6 e5 0-1

[Event "12.Città di Padova Open A"]
[Site "Padova"]
[Date "2009.12.14"]
[Round "3.15"]
[White "Meggiorin, Orlando"]
[Black "Sitta, Marco"]
[Result "0-1"]
[WhiteElo "1490"]
[BlackElo "1572"]
[Annotator "Gabriele Ballarin"]
[PlyCount "82"]
[EventDate "2009.12.13"]
[EventType "swiss"]
[EventRounds "9"]
[EventCountry "ITA"]

1. e4 d6 2. d4 Nf6 3. Bd3 e5 4. dxe5 dxe5 5. Nf3 Nbd7 6. Bg5 Be7 7. Nc3 c6 8. O-O h6 9. Bh4 Qc7 10. a3 g5 11. Bg3 Bd6 12. b4 Nf8 13. h3 Ng6 14. b5 Nf4 15. Bxf4 gxf4 16. Nh4 Rg8 17. Nf5 Bxf5 18. exf5 Rd8 19. Qf3 Kf8 20. Ne4 Nxe4 21. Qxe4 Bc5 22. f6 Qd7 23. Kh2 Qd5 24. bxc6 bxc6 25. Rab1 Bb6 26. f3 Qxe4 27. Bxe4 Rd2 28. Rg1 Bxg1+ 29. Kxg1 Rdxg2+ 30. Kh1 Ke8 31. Bxc6+ Kd8 32. Bd5 Rxc2 33. Bxf7 Rg3 34. Be6 Rg6 35. Bf5 Rcg2 36. f7 Ke7 37. Rb7+ Kf8 38. Bg4 Rd2 39. Rxa7 Rc6 40. Ra8+ Kxf7 41. Ra7+ Kf6 0-1

[Event "12.Città di Padova Open A"]
[Site "Padova"]
[Date "2009.12.14"]
[Round "3.16"]
[White "Lodi, Paolo"]
[Black "Garonzi, Martino"]
[Result "0-1"]
[WhiteElo "1627"]
[BlackElo "2028"]
[Annotator "Gabriele Ballarin"]
[PlyCount "80"]
[EventDate "2009.12.13"]
[EventType "swiss"]
[EventRounds "9"]
[EventCountry "ITA"]

1. Nf3 Nf6 2. g3 Nc6 3. c4 e5 4. Bg2 d6 5. d3 Be7 6. O-O Bg4 7. h3 Be6 8. b3 h6 9. Bb2 Qd7 10. Kh2 O-O-O 11. Nc3 d5 12. cxd5 Nxd5 13. Nxd5 Bxd5 14. Bxe5 Bxf3 15. Bxf3 Nxe5 16. Bg2 g5 17. Rc1 Bd6 18. d4 Ng6 19. e3 Kb8 20. Qf3 c6 21. Rc4 Nh4 22. Qe2 Nxg2 23. Kxg2 f5 24. Rd1 Rdf8 25. b4 f4 26. Qe1 fxg3 27. fxg3 Qe6 28. Rdc1 Qe4+ 29. Kh2 Rf3 30. Qh1 Bxg3+ 31. Kg2 Rff8+ 32. Kxg3 Qh4+ 33. Kh2 Rf2+ 34. Qg2 Rxg2+ 35. Kxg2 g4 36. d5 Qxh3+ 37. Kf2 Qf3+ 38. Ke1 Qxe3+ 39. Kd1 Qd3+ 40. Ke1 Rf8 0-1

[Event "12.Città di Padova Open A"]
[Site "Padova"]
[Date "2009.12.14"]
[Round "3.17"]
[White "Zordan, Antonio"]
[Black "Battagin_214, Mosè"]
[Result "0-1"]
[WhiteElo "1789"]
[BlackElo "1916"]
[Annotator "Gabriele Ballarin"]
[PlyCount "66"]
[EventDate "2009.12.13"]
[EventType "swiss"]
[EventRounds "9"]
[EventCountry "ITA"]

1. c4 g6 2. Nc3 Bg7 3. e4 d6 4. d4 Nf6 5. f3 O-O 6. Bd3 Nc6 7. Nge2 a6 8. h4 h5 9. Rg1 e5 10. d5 Nd4 11. Bg5 c6 12. Nxd4 exd4 13. Ne2 cxd5 14. cxd5 Re8 15. Qd2 Qb6 16. b4 Bd7 17. Kf2 Bb5 18. Rgb1 Nd7 19. Kf1 Ne5 20. Nc1 Rac8 21. Rb3 Ba4 22. Rb2 Rc3 23. Qe2 Nxd3 24. Nxd3 Rxd3 25. b5 Rc3 26. bxa6 Qxa6 27. Qxa6 bxa6 28. Rb6 Bb5+ 29. Ke1 Be5 30. Bd2 Bg3+ 31. Kd1 Rd3 32. a4 Bc4 33. Rc1 Rxd2+ 0-1

[Event "12.Città di Padova Open A"]
[Site "Padova"]
[Date "2009.12.14"]
[Round "3.18"]
[White "De Vito, Angelo"]
[Black "Fracasso Pezzolato, Michele"]
[Result "0-1"]
[WhiteElo "1440"]
[BlackElo "1832"]
[Annotator "Gabriele Ballarin"]
[PlyCount "64"]
[EventDate "2009.12.13"]
[EventType "swiss"]
[EventRounds "9"]
[EventCountry "ITA"]

1. e4 e5 2. Nf3 d6 3. Bc4 Be7 4. O-O Nf6 5. Re1 Nc6 6. c3 Be6 7. Bxe6 fxe6 8. d4 exd4 9. cxd4 O-O 10. Nc3 d5 11. e5 Ng4 12. h3 Nh6 13. Bxh6 gxh6 14. Qd2 Bg5 15. Qe2 Qe7 16. Rad1 Rf4 17. Nxg5 Nxd4 18. Qh5 hxg5 19. Rd3 Rh4 20. Qd1 Nf5 21. Nxd5 exd5 22. Rxd5 Rf8 23. e6 Nd6 24. Qd3 Rhf4 25. Qg3 Ne4 26. Rxe4 Rxe4 27. Rxg5+ Kh8 28. Qc3+ Rf6 29. Qg3 Rg6 30. Qc3+ Qg7 31. Rxg6 Qxc3 32. bxc3 hxg6 0-1

[Event "12.Città di Padova Open A"]
[Site "Padova"]
[Date "2009.12.14"]
[Round "3.19"]
[White "De Marchi, Alessandro"]
[Black "Zanini, Andrea"]
[Result "0-1"]
[WhiteElo "1654"]
[BlackElo "1669"]
[Annotator "Gabriele Ballarin"]
[PlyCount "54"]
[EventDate "2009.12.13"]
[EventType "swiss"]
[EventRounds "9"]
[EventCountry "ITA"]

1. c4 c5 2. Nc3 g6 3. Nf3 Bg7 4. g3 b6 5. Bg2 Bb7 6. O-O Nf6 7. d3 O-O 8. Rb1 d6 9. Bd2 Nbd7 10. a3 Re8 11. b4 Rb8 12. Qc1 cxb4 13. axb4 d5 14. cxd5 Nxd5 15. Nxd5 Bxd5 16. Qa3 Ra8 17. Rfc1 Qb8 18. e4 Bb7 19. Bf4 e5 20. Be3 Rc8 21. Qb3 Rxc1+ 22. Rxc1 Qe8 23. Rc7 Bc8 24. Qd5 Qd8 25. Qc6 Nb8 26. Qc2 Na6 27. Qc6 Nxc7 0-1

[Event "12.Città di Padova Open A"]
[Site "Padova"]
[Date "2009.12.15"]
[Round "4.1"]
[White "Salvador, Roland"]
[Black "Naumkin, Igor"]
[Result "1/2-1/2"]
[WhiteElo "2491"]
[BlackElo "2463"]
[Annotator "Gabriele Ballarin"]
[PlyCount "89"]
[EventDate "2009.12.13"]
[EventType "swiss"]
[EventRounds "9"]
[EventCountry "ITA"]

1. d4 e6 2. c4 f5 3. Nf3 Nf6 4. Nc3 Bb4 5. Qb3 a5 6. g3 b6 7. Bd2 Bb7 8. Bg2 O-O 9. O-O Qe7 10. Bf4 Bxc3 11. bxc3 Na6 12. a4 d6 13. Rfd1 Rae8 14. Bc1 Kh8 15. Ba3 Ne4 16. e3 Ba8 17. Ne5 Nb8 18. f3 Nf6 19. Nd3 Nbd7 20. c5 bxc5 21. dxc5 Nd5 22. cxd6 cxd6 23. Nf4 Nc5 24. Bxc5 dxc5 25. c4 Nb4 26. Rd2 Bc6 27. Rad1 Qb7 28. Qc3 e5 29. Nd5 Bxa4 30. Ra1 Bc6 31. Rxa5 Nxd5 32. cxd5 Bxd5 33. Rb2 Qf7 34. Qxc5 Ba8 35. h4 f4 36. exf4 exf4 37. g4 Qf6 38. Qf2 Qc3 39. Rba2 Bb7 40. g5 Re3 41. Qd2 Bxf3 42. Rf5 Rfe8 43. Qxc3 Rxc3 44. Rxf4 Bxg2 45. Kxg2 1/2-1/2

[Event "12.Città di Padova Open A"]
[Site "Padova"]
[Date "2009.12.15"]
[Round "4.2"]
[White "Genocchio, Daniele"]
[Black "Sanchez, Joseph"]
[Result "1/2-1/2"]
[WhiteElo "2464"]
[BlackElo "2487"]
[Annotator "Gabriele Ballarin"]
[PlyCount "27"]
[EventDate "2009.12.13"]
[EventType "swiss"]
[EventRounds "9"]
[EventCountry "ITA"]

1. e4 c5 2. Nf3 Nc6 3. Bb5 Nf6 4. Nc3 Qc7 5. O-O Nd4 6. Re1 a6 7. e5 Nxb5 8. exf6 Nxc3 9. fxg7 Bxg7 10. dxc3 d6 11. Ng5 h6 12. Bf4 O-O 13. Ne4 Qb6 14. Qh5 1/2-1/2